Pays les plus connus - Statistiques

Statistiques générales
  • Ce quiz a été pris 3 256 fois
  • Le résultat moyen est 29 sur 38
Statistiques - réponses
Pourcentage Réponse % Correct
98% France
100%
96% États-Unis
96%
96% Chine
95%
96% Espagne
95%
96% Russie
93%
96% Italie
91%
93% Japon
91%
95% Allemagne
90%
92% Maroc
90%
96% Canada
89%
91% Royaume-Uni
89%
89% Algérie
88%
94% Brésil
88%
94% Portugal
86%
94% Mexique
84%
89% Argentine
82%
94% Australie
81%
92% Inde
80%
89% Belgique
78%
91% Suisse
76%
88% Suède
73%
82% Tunisie
73%
80% Corée du Sud
72%
86% Norvège
70%
85% Turquie
70%
88% Afrique du Sud
69%
87% Égypte
69%
82% Pologne
68%
83% Finlande
67%
85% Grèce
65%
81% Pays-Bas
64%
80% Corée du Nord
63%
87% Irlande
63%
83% Chili
55%
80% République Démocratique du Congo
54%
80% Islande
52%
80% République du Congo
52%
84% Madagascar
26%
Aucun quiz correspondant
Distribution des résultats
% des personnes avec chaque résultat
Percentile par nombre de réponses
Votre historique - résultats
Vous n’avez pas pris ce quiz